Simposio para el desarrollo de las exportaciones de productos horticolas

Saved in:
Bibliografiske detaljer
Institution som forfatter: Colegio de Ingenieros Agrónomos de Chile (Author)
Format: Bog
Sprog:spansk
Udgivet: Santiago Colegio de Ingenieros Agrónomos 1988
Fag:
Tags: Tilføj Tag
Ingen Tags, Vær først til at tagge denne postø!

MARC

LEADER 00000nam a2200000 a 4500
001 UCR3717
003 CL-VaPUC
005 20241118122755.0
008 980130e19880000cl 1 spa d
082 0 4 |a 387.71  |b COL  |2 21 
110 2 |a Colegio de Ingenieros Agrónomos de Chile  |e author  |9 618734 
245 1 0 |a Simposio para el desarrollo de las exportaciones de productos horticolas 
260 |a Santiago  |b Colegio de Ingenieros Agrónomos   |c 1988 
300 |a 282 p 
583 |a last modification  |c 19980130 00:00:00  |k Rodrigo Vera 
650 0 0 |a Comercio exterior  |9 257617 
650 0 7 |a TRANSPORTES  |2 CL-VaPUC  |9 344479 
650 0 0 |a Productos hortícolas   |9 259631 
650 0 0 |a Agronomía  |9 358010 
650 0 7 |a MERCADO NACIONAL  |2 CL-VaPUC  |9 373893 
650 0 7 |a MATERIA PRIMA  |2 CL-VaPUC  |9 618735 
650 0 7 |a EXPORTACIONES  |2 CL-VaPUC  |9 255382 
650 0 0 |a Mercado internacional  |9 337380 
650 0 7 |a EMBARQUE  |2 CL-VaPUC  |9 380982 
650 0 0 |a Congresos  |9 257560 
942 |c BK 
945 |a jquezada  |d 19980130 00:00:00 
546 |a En Español 
536 |a Ministerio de Agricultura 
518 |p Desarrollo para el desarrollo de las exportaciones de productos horticolas, Santiago, 24- 25- 26 de Mayo de 1988 
999 |c 383093  |d 383091